000 00301nam a22001217a 4500
020 _a9788189267940
082 _a305.8 MIS
100 _aMisra P.D.
_aBeena Misra
245 _aSocial work profession in India
260 _aLucknow
_bNew Royal Book Company
_c2015
650 _asocial work
942 _cBK
999 _c19937
_d19937